A positive outlook (Record no. 80360)

MARC details
000 -LEADER
fixed length control field 01045cab a22002295a 4500
001 - CONTROL NUMBER
control field L144141
008 - FIXED-LENGTH DATA ELEMENTS--GENERAL INFORMATION
fixed length control field 080624e20080621xxka f v 000 0 eng d
035 ## - SYSTEM CONTROL NUMBER
System control number (Sirsi) u144141
041 0# - LANGUAGE CODE
Language code of text/sound track or separate title eng
100 1# - MAIN ENTRY--PERSONAL NAME
Personal name Desai, Tina
245 02 - TITLE STATEMENT
Title A positive outlook
260 ## - PUBLICATION, DISTRIBUTION, ETC.
Date of publication, distribution, etc. 2008
490 #0 - SERIES STATEMENT
Series statement Estates Gazette
Volume/sequential designation (0824) 21 June 2008, 130-132(2)
520 ## - SUMMARY, ETC.
Summary, etc. Explains the changes to the Lands Tribunal introduced by George Bartlett QC since he was appointed President of the Tribunal in 1998. Reviews the challenges involved in the changes including cutting the backlog and dealing with delays. Considers the likely future outlook for the organisation in light of the UK Government's proposal to transfer the Lands Tribunal to the Lands Chamber of the Upper Tribunal.
590 ## - LOCAL NOTE (RLIN)
Local note KA
650 24 - SUBJECT ADDED ENTRY--TOPICAL TERM
Topical term or geographic name entry element LANDS TRIBUNAL ACT 1949
650 24 - SUBJECT ADDED ENTRY--TOPICAL TERM
Topical term or geographic name entry element HARRODS LTD V BAKER (VALUATION OFFICER)
650 24 - SUBJECT ADDED ENTRY--TOPICAL TERM
Topical term or geographic name entry element EARL CADOGAN AND ANOTHER V SPORTELLI AND ANOTHER
651 #4 - SUBJECT ADDED ENTRY--GEOGRAPHIC NAME
Geographic name England and Wales
Chronological subdivision 1543-
690 ## - LOCAL SUBJECT ADDED ENTRY--TOPICAL TERM (OCLC, RLIN)
Topical term or geographic name as entry element ENVIRONMENTAL AND LAND CONSULTANCY
942 ## - ADDED ENTRY ELEMENTS (KOHA)
Suppress in OPAC 0
Holdings
Withdrawn status Lost status Source of classification or shelving scheme Damaged status Not for loan Home library Current library Shelving location Date acquired Total Checkouts Full call number Barcode Date last seen Copy number Price effective from Koha item type
    Dewey Decimal Classification     London London Journal article 24/06/2008   L144141 144141-1001 06/08/2019 1 06/08/2019 Journal article